000
00216 a2200097 4500
001
51372
100
_a
James M L
245
_a
Applied Numerical Methods
260
_a
London
_b
Harper & Row
_c
090
_c
32562
_d
32562
942
_a
NUST-CAE
_c
M
_c
25072
999
_c
286445
_d
286445